000 00319nam a22001337a 4500
008 170714b xxu||||| |||| 00| 0 eng d
020 _a9780874345407
041 _aeng
080 _a030
100 _a24
101 _aFJA
245 _aENGLISH AND SPANISH MEDICAL WORDS AND PHRASES
_cLOCP.S
942 _2udc
_cBK
999 _c20871
_d20871